00346nam a2200133Ia 4500003000400000008004100004020002300045040000800068100002200076245006800098260001900166300001500185365001200200LDD181029s9999 xx 000 0 und d a1846280311cE82.95 cLDD aMorisio, Maurizio 0aDeveloping Services for the Wireless InternetcMaurizio Morisio bSpringerc2006 aviii, 161p bE 82.95